Представление документа в формате RUSMARC

ПолеНазваниеЗначение
  Тип записи a
  Библиографический уровень a
001 Контрольный номер RU/CBS_UL/BASE/cfbda1696b064578ad3ab2aa536b61d0
005 Дата корректировки 20260130141517.0
100 Данные общей обработки __
a Данные общей обработки 20260130 ||| 0rusy0189 ca
101 Язык документа 0_
a Язык текста rus
102 Страна публикации __
a Страна публикации RU
200 Заглавие и сведения об ответственности 1_
a Заглавие "Советский Нюрнберг"
e Сведения, относящиеся к заглавию [открытые судебные процессы над военными преступниками и коллаборационистами в СССР]
f Первые сведения об ответственности О. Назаров
300 Общие примечания __
a Общие примечания 12+
461 Уровень набора _0
1 2000
a Историк
463 Уровень физической единицы _0
1 2000
a № 11
v С. 22-25 : фото
1 2101
d 2025
1 001RU/CBS_UL/BASE/e40fccab52264027ade38d5d9a864c5d
606 Тематические рубрики 0_
a Основная рубрика Судебные процессы - СССР
610 Ключевые слова 0_
a Ключевые слова судебные процессы
610 Ключевые слова 0_
a Ключевые слова судебные процессы в СССР
610 Ключевые слова 0_
a Ключевые слова судебные процессы над нацистскими преступниками
610 Ключевые слова 0_
a Ключевые слова открытые суды над нацистами
610 Ключевые слова 0_
a Ключевые слова военные преступники
610 Ключевые слова 0_
a Ключевые слова преступники военные
610 Ключевые слова 0_
a Ключевые слова коллаборационисты
610 Ключевые слова 0_
a Ключевые слова предатели Родины
686 Индексы других классификаций __
2 Код системы rubbk
a Классификационный индекс 67.410.9
700 Автор _1
a Фамилия Назаров
b Имя (инициалы) О.
801 Источник записи _0
a Страна RU
b Организация МБУК ЦБС г. Ульяновска
c Дата составления 20260130
g Правила каталогизации RCR
801 Источник записи _1
a Страна RU
b Организация МБУК ЦБС г. Ульяновска
c Дата составления 20260130
g Правила каталогизации RCR
901 Тип документа __
t Тип документа b
w Контрольный № источника RU/CBS_UL/BASE/e40fccab52264027ade38d5d9a864c5d
909 Создатель записи __
a Создатель записи lib2